000 00440nam a22001697a 4500
999 _c8027
_d8025
005 20220709150059.0
008 220709b ||||| |||| 00| 0 eng d
020 _a978-93-94339-85-9
041 _aeng
100 _aFAROOQI, DR. ATAUR RAHMAN AND OTHERS
_97326
245 _aFINANCE MANAGEMENT: SUPPORTING THE BUSINESS
250 _a1ST ED.
260 _aBHOPAL
_bAGPH
_c2022
300 _a220;p
650 _aMANAGEMENT
_9241
942 _cBK